| 000 | 01950nam a2200433 a 4500 | ||
|---|---|---|---|
| 001 | ebr10233644 | ||
| 003 | CaPaEBR | ||
| 005 | 20251021234411.0 | ||
| 006 | m u | ||
| 007 | cr cn||||||||| | ||
| 008 | 050801s2005 enk fsb 001 0 eng | ||
| 010 | _z 2005299437 | ||
| 015 |
_aGBA508766 _2bnb |
||
| 016 | 7 |
_z013099354 _2Uk |
|
| 020 | _z9780199277766 (alk. paper) | ||
| 020 | _z0199277761 (alk. paper) | ||
| 040 |
_aCaPaEBR _cCaPaEBR |
||
| 035 | _a(OCoLC)646752706 | ||
| 050 | 1 | 4 |
_aPT405 _b.M356 2005eb |
| 082 | 0 | 4 |
_a830.9/92870904 _222 |
| 090 |
_c109176 _d86974 |
||
| 100 | 1 |
_aMarven, Lyn. _9154622 |
|
| 245 | 1 | 0 |
_aBody and narrative in contemporary literatures in German _h[electronic resource] : _bHerta Müller, Libuše Moníková, and Kerstin Hensel / _cLyn Marven. |
| 260 |
_aOxford : _bClarendon Press ; _aNew York : _bOxford University Press, _c2005. |
||
| 300 |
_axi, 282 p. ; _c23 cm. |
||
| 490 | 1 | _aOxford modern languages and literature monographs | |
| 504 | _aIncludes bibliographical references (p. [253]-273) and index. | ||
| 533 |
_aElectronic reproduction. _bPalo Alto, Calif. : _cebrary, _d2009. _nAvailable via World Wide Web. _nAccess may be limited to ebrary affiliated libraries. |
||
| 600 | 1 | 0 |
_aMüller, Herta _xCriticism and interpretation. _9154623 |
| 600 | 1 | 0 |
_aMoníková, Libuše _xCriticism and interpretation. _9154624 |
| 600 | 1 | 0 |
_aHensel, Kerstin, _d1961- _xCriticism and interpretation. _9154625 |
| 650 | 0 |
_aGerman literature _xWomen authors _xHistory and criticism. _9154626 |
|
| 650 | 0 |
_aGerman literature _y20th century _xHistory and criticism. _927900 |
|
| 650 | 0 |
_aHuman body in literature. _992093 |
|
| 655 | 7 |
_aElectronic books. _2local _9190 |
|
| 710 | 2 |
_aebrary, Inc. _9191 |
|
| 830 | 0 |
_aOxford modern languages and literature monographs. _9137289 |
|
| 856 | 4 | 0 |
_uhttp://site.ebrary.com/lib/strathmore/Doc?id=10233644 _zAn electronic book accessible through the World Wide Web; click to view |
| 999 |
_c109176 _d86974 |
||